Statistiques concernant Expression françaises de la mythologie

Cliquez ici pour prendre le quiz!

Statistiques générales

  • Ce quiz a été pris 204 fois
  • Le résultat moyen est 5 sur 15

Statistiques - réponses

IndicesRéponses% Correct
le point faible de quelqu'unle talon d'Achille
95%
s'endormirtomber dans les bras de Morphée
71%
être en admiration de soi mêmeêtre narcissique
54%
être très richeriche comme Crésus
52%
un labyrintheun dédale
46%
être stupéfaitêtre médusé
28%
ne plus savoir ou on en est (d'une discussion)perdre le fil
28%
avoir une personne ayant une forte ressemblanceavoir un sosie
26%
une femme méchante, une mégèreune harpie
22%
avoir une vue perçanteavoir un œil de Lynx
17%
faire un travail difficile / qui demande beaucoup de forcefaire un travail de titan
15%
avoir une voie forte, puissante, imposanteavoir une voix de Stentor
11%
être calme, serein, à toute épreuveêtre dans un calme Olympien
10%
réaliser une action entraînant des problèmes et des malheursouvrir la boite de Pandore
10%
être tout près d’obtenir quelque chose et en être finalement empêchéle supplice de Tantale
4%

Distribution des résultats

Percentile par nombre de réponses

% des personnes avec chaque résultat

Votre développement - résultats

Vous n’avez pas pris ce quiz